ទំពាំងទូលដី / (Record no. 9406)

MARC details
000 -LEADER
fixed length control field 01415nam a22002777a 4500
001 - CONTROL NUMBER
control field 9406
003 - CONTROL NUMBER IDENTIFIER
control field FISKH
005 - DATE AND TIME OF LATEST TRANSACTION
control field 20260105143705.0
008 - FIXED-LENGTH DATA ELEMENTS--GENERAL INFORMATION
fixed length control field 260105b cb ||||| |||| 00| 0 eng d
040 ## - CATALOGING SOURCE
Original cataloging agency FISKH
Language of cataloging khr
Transcribing agency FISKH
Modifying agency FISKH
050 ## - LIBRARY OF CONGRESS CALL NUMBER
Classification number PZ7
082 ## - DEWEY DECIMAL CLASSIFICATION NUMBER
Classification number 398
100 ## - MAIN ENTRY--PERSONAL NAME
Personal name Sophaleap , Nhek
245 ## - TITLE STATEMENT
Title ទំពាំងទូលដី /
Statement of responsibility, etc. និពន្ធដោយ ញឹក សុផាលាភ
260 ## - PUBLICATION, DISTRIBUTION, ETC.
Place of publication, distribution, etc. ភ្នំពេញ :
Name of publisher, distributor, etc. Sipar ,
Date of publication, distribution, etc. 2005.
300 ## - PHYSICAL DESCRIPTION
Extent 28 pages :
Other physical details 28 pages ;
Dimensions 19 cm​.
490 ## - SERIES STATEMENT
Series statement ខ្ញុំចង់អាន
505 ## - FORMATTED CONTENTS NOTE
Formatted contents note P <br/>
520 ## - SUMMARY, ETC.
Summary, etc. វិបុលនិងរំដួលប្រកបរបរកាប់ឈើក្នុងព្រៃ ។ ពួកគេកាប់ដើមឈើគ្រប់ប្រភេទ ដែលពួកគេជួបនៅតាមផ្លូវ ដោយមិនគិតពីអនាគតរហូតដល់ថ្ងៃមួយនោះ ពួកគេបានជួបនឹងទំពាំងមួយ ។
520 ## - SUMMARY, ETC.
Summary, etc. Vibol and Romduol worked as woodcutters in the forest. They cut down all kinds of trees that they came across along the way, without thinking about the future, until one day they encountered a vine.
521 8# - TARGET AUDIENCE NOTE
Target audience note 650 <br/>
Source Lexile estimate <br/>
521 8# - TARGET AUDIENCE NOTE
Target audience note P <br/>
Source Raz-Plus <br/>
700 ## - ADDED ENTRY--PERSONAL NAME
Personal name Sontepheap , Lim
Relator term Illustrator
942 ## - ADDED ENTRY ELEMENTS (KOHA)
Source of classification or shelving scheme Dewey Decimal Classification
Koha item type Khmer Books
Suppress in OPAC No
Holdings
Withdrawn status Lost status Source of classification or shelving scheme Damaged status Not for loan Collection Home library Current library Shelving location Date acquired Total Checkouts Full call number Barcode Date last seen Price effective from Koha item type
    Dewey Decimal Classification     Khmer Language Books / សៀវភៅភាសាខ្មែរ Footprints International School Library Network Toul Tom Poung Campus Footprints International School Library Network Toul Tom Poung Campus TTP Primary Khmer Bookshelves 01/05/2026   SOP PZ7 398 2026-0002 01/05/2026 01/05/2026 Khmer Books